[Event "28th WSCC2018 - Open 65+"]
[Site "Bled"]
[Date "2018.11.22"]
[Round "5.86"]
[White "Turegano Moratalla, Santiago"]
[Black "Nielsen, Peter"]
[Result "0-1"]
[WhiteElo "1808"]
[BlackElo "1687"]
[PlyCount "88"]
[EventDate "2018.11.18"]

1. e4 c5 2. Nf3 g6 3. d4 cxd4 4. Nxd4 Nc6 5. Ne2 Nf6 6. Nbc3 Bg7 7. g3 d6 8.
Bg2 O-O 9. O-O Bd7 10. h3 Rb8 11. Be3 b5 12. Rb1 a5 13. Qd2 b4 14. Nd5 Nxd5 15.
exd5 Ne5 16. b3 Bb5 17. Rfc1 Nd7 18. Nd4 Bxd4 19. Qxd4 Nc5 20. Bh6 e5 21. dxe6
Nxe6 22. Qb2 d5 23. Bxf8 Nxf8 24. Qe5 Bc6 25. Rd1 Rb5 26. c4 bxc3 27. Qxc3 Bb7
28. Bf1 Rb4 29. a3 d4 30. Qd3 Qd5 31. f3 Rb6 32. Bg2 Ne6 33. Rb2 Qd6 34. b4
Qxg3 35. b5 Nf4 36. Qxd4 Rxb5 37. Qd8+ Kg7 38. Qd4+ Kh6 39. Rbd2 Rd5 40. Qe3
Rxd2 41. Rxd2 Kh5 42. Qe5+ f5 43. Qe7 Nxh3+ 44. Kf1 Ba6+ 0-1

[Event "28th WSCC2018 - Open 65+"]
[Site "Bled"]
[Date "2018.11.22"]
[Round "5.87"]
[White "Haupt, Joachim"]
[Black "Tveten, Per"]
[Result "1-0"]
[WhiteElo "1748"]
[BlackElo "1500"]
[PlyCount "87"]
[EventDate "2018.11.18"]

1. Nf3 Nf6 2. c4 c5 3. Nc3 Nc6 4. g3 g6 5. Bg2 Bg7 6. O-O O-O 7. d4 cxd4 8.
Nxd4 e5 9. Ndb5 Ne8 10. Ne4 a6 11. Nbd6 Qe7 12. Be3 f5 13. Nxc8 Rxc8 14. Bc5
Qe6 15. Bxf8 Bxf8 16. Ng5 Qe7 17. Qd5+ Kg7 18. Rad1 Qxg5 19. Qxd7+ Qe7 20. Qxc8
Nd6 21. Rxd6 Qxd6 22. Qxb7+ Ne7 23. Bd5 Kh6 24. b4 f4 25. Be4 Qd2 26. Bf3 Nf5
27. Qd5 Qxb4 28. Qxe5 Bd6 29. Qe4 fxg3 30. hxg3 Bc5 31. Kg2 Nd4 32. Rb1 Qxc4
33. Qh4+ Kg7 34. Rb7+ Qf7 35. Rxf7+ Kxf7 36. Qxh7+ Kf6 37. Qh8+ Kf5 38. e4+ Ke6
39. Bg4+ Kd6 40. Qd8+ Kc6 41. Qd5+ Kb6 42. a4 Nc6 43. Bd7 Nb4 44. a5+ 1-0

[Event "28th WSCC2018 - Open 65+"]
[Site "Bled"]
[Date "2018.11.22"]
[Round "5.88"]
[White "Booth, Anthony"]
[Black "Bratteteig, Tore-Inge"]
[Result "0-1"]
[WhiteElo "1648"]
[BlackElo "1592"]
[PlyCount "158"]
[EventDate "2018.11.18"]

1. d4 Nf6 2. c4 g6 3. Nc3 Bg7 4. e4 d6 5. Be2 Nbd7 6. Nf3 O-O 7. O-O e5 8. dxe5
dxe5 9. Qc2 c6 10. Bg5 Qc7 11. b4 h6 12. Bh4 g5 13. Bg3 Nh5 14. Ne1 Nxg3 15.
hxg3 Nf6 16. Rd1 Be6 17. a4 Rfd8 18. Rxd8+ Rxd8 19. Nf3 Qb8 20. Rd1 Rxd1+ 21.
Qxd1 Bf8 22. c5 b6 23. b5 cxb5 24. cxb6 axb6 25. Bxb5 Bc5 26. Qd3 Ng4 27. Nd1
Qd6 28. Nd2 Qd4 29. Qe2 Qa1 30. Nf1 f5 31. exf5 Bxf5 32. Qc4+ Kg7 33. Qd5 Qd4
34. Qxd4 exd4 35. Nd2 Bc2 36. Be2 Ne5 37. Nf3 Nxf3+ 38. Bxf3 Bxa4 39. Nb2 Bb5
40. Be4 Kf6 41. Nd3 Bd7 42. Kf1 Bf5 43. f3 Bd6 44. g4 Be6 45. Ke2 Bc4 46. Kd2
b5 47. Bc6 Ke7 48. Kc2 Kd8 49. Kd2 Kc7 50. Be4 Kb6 51. Ke2 Ka5 52. Kf2 Ka4 53.
g3 Ka3 54. f4 b4 55. Ne5 Bxe5 56. fxe5 d3 57. Ke3 Ka2 58. Bf5 Kb2 59. e6 Kc3
60. e7 Bf7 61. Bxd3 b3 62. Bc4 Be8 63. Bxb3 Kxb3 64. Ke4 Kc4 65. Kf5 Kd5 66.
Kf6 Kd6 67. Kg7 Kxe7 68. Kxh6 Kf6 69. Kh7 Bd7 70. Kh6 Bxg4 71. Kh7 Kf5 72. Kh6
Be2 73. Kg7 g4 74. Kh6 Ke4 75. Kg5 Kf3 76. Kh4 Bf1 77. Kg5 Kxg3 78. Kf5 Be2 79.
Ke4 Kf2 0-1